| 000 | 00942nam a2200241 a 4500 | ||
|---|---|---|---|
| 003 | BD-DhJNU | ||
| 005 | 20260121062846.0 | ||
| 008 | 251108s2021 bg |||g |||| 000 1|ben|d | ||
| 020 | _a9789840426287 | ||
| 040 |
_aBD-DhJNU _bben _cBD-DhJNU _dBD-DhJNU |
||
| 041 | _aben | ||
| 082 |
_a701.17 HIS _223 |
||
| 100 | _aহাই, হাসনাত আবদুল | ||
| 245 | 1 | 0 |
_aসবার জন্য নন্দনতত্ত্ব / _cহাসনাত আবদুল হাই |
| 246 | _aSobar Jonno Nondontotto | ||
| 250 | _a1st ed. | ||
| 260 |
_aঢাকা : _bআগামী প্রকাশনী, _c2021. |
||
| 300 |
_a৩২৪ পৃ. : _bচিত্র ; _c২২ সেমি.। |
||
| 504 | _aগ্রন্থপঞ্জিগত নির্দেশিকা ও নিঘন্ট অন্তভূক্ত | ||
| 650 | _aনন্দনতত্ত্ব | ||
| 650 | _aAesthetics | ||
| 942 | _cBK | ||
| 999 |
_c2547 _d2547 |
||